000 00173 a2200097 4500
020 _a9781426305269
041 _aeng
100 _aMara, Wil
245 _aTrucks
942 _cBK
999 _c31785
_d31783